Baldur's Gate 3 Companions Quiz - Statistics

General Stats
  • This quiz has been taken 152 times
    73 since last reset
  • The average score is 14 of 20
Answer Stats
Hint Answer % Correct
Gods favourite princess Shadowheart
100%
fancy pants mcgee Astarion
98%
nooo dont kys youre too sexy ahhhh Gale
97%
Rhea Ripley reincarnated Karlach
95%
wild form = freakoclock Halsin
94%
the greatest dancer in Faerûn Wyll
89%
RAYNCH Lae'zel
84%
Milf Jaheira
82%
purple mike n ike Minthara
82%
omg is that Matt mercer? Minsc
74%
Wants companions soul, wontleave camp until she gets it. Mizora
66%
blood blood blood blood blood Orin
61%
Wants your soul, lowkey a baddie Raphael
61%
40 year old e-boy Gortash
55%
Synonym for scrape Scratch
55%
butch lesbian with wings Dame Aylin
48%
OMNI MAN?! Ketheric Thorm
47%
ate his mother Owlbear
45%
Gales babysitter Tara
45%
Badlurs gate's 1st Male manipulator The emperor
44%
No matching quizzes found
Score Distribution
Percent of People with Each Score
Percentile by Number Answered
Your Score History
You have not taken this quiz since the last reset